Fishery statistics : Aquaculture production = Statistiques des pêches: Production de l’aquaculture = Estadísticas de pesca: Producción de acuicultura.

Gorde:
Xehetasun bibliografikoak
Formatua: Liburua
Hizkuntza:Undetermined
Argitaratua: Rome, Italy FAO 2006
Gaiak:
Etiketak: Etiketa erantsi
Etiketarik gabe, Izan zaitez lehena erregistro honi etiketa jartzen!
Thư viện lưu trữ: Trung tâm Học liệu Trường Đại học Cần Thơ
LEADER 00578nam a2200181Ia 4500
001 CTU_116680
008 210402s9999 xx 000 0 und d
082 |a 338.37270021 
082 |b F686/Vol.98/2 
245 0 |a Fishery statistics : Aquaculture production = 
245 0 |b Statistiques des pêches: Production de l’aquaculture = Estadísticas de pesca: Producción de acuicultura. 
260 |a Rome, Italy 
260 |b FAO 
260 |c 2006 
650 |a Fisheries 
650 |x Statistics 
904 |i Minh 
980 |a Trung tâm Học liệu Trường Đại học Cần Thơ